Tennis: women who won exactly two slams in Open Era - Statistics

General Stats
  • This quiz has been taken 78 times
    18 since last reset
  • The average score is 11 of 12
Answer Stats
Title years Answer % Correct
2023 & 2025 Coco Gauff
100%
2016 & 2017 Garbine Muguruza
100%
1995 & 2000 Mary Pierce
100%
2006 & 2006 Amelie Mauresmo
91%
2022 & 2026 Elena Rybakina
91%
2011 & 2014 Petra Kvitova
91%
2018 & 2019 Simona Halep
91%
2004 & 2009 Svetlana Kuznetsova
91%
1979 & 1981 Tracy Austin
91%
2012 & 2013 Victoria Azarenka
91%
2011 & 2014 Li Na
82%
2021 & 2024 Barbora Krejcikova
73%
No matching quizzes found
Score Distribution
Percent of People with Each Score
Percentile by Number Answered
Your Score History
You have not taken this quiz since the last reset